|
|
|
|
| LEADER |
01633nam a2200397 a 4500 |
| 001 |
000673766 |
| 003 |
CZ BrMZK |
| 005 |
20080114094009.0 |
| 007 |
ta |
| 008 |
030616s2003 xr e p 000 0 cze d |
| 015 |
|
|
|a cnb001245965
|
| 020 |
|
|
|a 80-7179-747-2
|q (váz.)
|
| 035 |
|
|
|a (OCoLC)53495623
|
| 040 |
|
|
|a BOA001
|b cze
|
| 043 |
|
|
|a e-xr---
|
| 072 |
|
7 |
|a 349
|x Pracovní, sociální, stavební právo. Právo životního prostředí
|2 Konspekt
|9 16
|
| 072 |
|
7 |
|a 37.016
|x Učební osnovy. Vyučovací předměty. Učebnice
|2 Konspekt
|9 22
|
| 080 |
|
|
|a 349.6
|2 MRF
|
| 080 |
|
|
|a (437.3)
|2 MRF
|
| 080 |
|
|
|a (075)
|2 MRF
|
| 100 |
1 |
|
|a Damohorský, Milan,
|d 1963-
|7 jo20010082510
|4 aut
|
| 245 |
1 |
0 |
|a Právo životního prostředí /
|c Milan Damohorský a kolektiv
|
| 250 |
|
|
|a 1. vyd.
|
| 260 |
|
|
|a Praha :
|b C.H. Beck,
|c 2003
|
| 300 |
|
|
|a xxxiv, 511 s. ;
|c 23 cm
|
| 490 |
1 |
|
|a Beckovy právnické učebnice
|
| 504 |
|
|
|a Obsahuje bibliografii a rejstřík
|
| 650 |
0 |
7 |
|a právo životního prostředí
|7 ph115918
|z Česko
|2 czenas
|
| 655 |
|
7 |
|a učebnice
|7 fd133770
|2 czenas
|
| 830 |
|
0 |
|a Beckovy právnické učebnice
|0 s
|
| 856 |
4 |
1 |
|u http://www.digitalniknihovna.cz/mzk/uuid/uuid:4a5f2f20-034b-11e4-89c6-005056827e51
|y Digitalizovaný dokument
|x NDK
|
| 910 |
|
|
|a BOA001
|b 2-1121.095
|
| 990 |
|
|
|a BK
|
| 996 |
6 |
|
|b 2610193977
|c 2-1121.095
|l MZK
|r Sklad / do 1 hodiny
|n 5
|p p.v.
|w 000673766
|u 000010
|a 1
|e BOA001
|j MZK50
|s P
|
| 996 |
7 |
|
|b 2610200123
|c 2-1121.095
|l MZK
|r Sklad / do 1 hodiny
|n 68
|p kup
|w 000673766
|u 000020
|a 1
|e BOA001
|j MZK50
|s A
|
| 996 |
7 |
|
|b 2610200124
|c 2-1121.095
|l MZK
|r Sklad / do 1 hodiny
|n 67
|p kup
|w 000673766
|u 000030
|a 1
|e BOA001
|j MZK50
|s A
|